Introduction to economics

Saved in:
Bibliographic Details
Main Author: Slavin, Stephen L.
Format: Book
Language:English
Published: Boston IRWIN 1989
Edition:[1. ed.]
Online Access:View in OPAC
Tags: Add Tag
No Tags, Be the first to tag this record!

MARC

LEADER 00000nam a2200000 a 4500
005 20260127134106.0
008 000507e1989 xxu g eng c
020 |a 025606220X  |c [900.00 KČS] 
035 |a vtls008443330 
035 |a SAVUKc015746 
039 9 |a 200810030928  |b mschk03  |y 200602022251  |z VLOAD 
040 |a SAVUK  |b slo  |c SNK  |d STUSCHK1  |e AACR2 
041 1 |a eng 
044 |a xxu  |c US 
080 |a 330(075.8) 
100 1 |a Slavin, Stephen L. 
242 1 0 |a Úvod do ekonomiky  |y eng 
245 1 0 |a Introduction to economics  |c Stephen L. Slavin 
250 |a [1. ed.] 
260 |a Boston  |b IRWIN  |c 1989 
300 |a 590 s.  |b Reg., tab., grafy. 
910 |a savuk 
910 |a SCHK95 
919 |a 0-256-06220-X 
999 |c 3892  |d 3892